000 00536nam a2200133Ia 4500
008 100328s9999 xx 000 0 und d
082 _b5703
100 _aवैद्य व्दारकानाथ गोविंद
245 _aधर्मपर व्याख्याने पुस्तक 1ले
260 _b---
630 _aधर्मपर व्याख्याने पुस्तक 1ले
730 _aधर्मपर व्याख्याने पुस्तक 1ले
942 _cBOOK
999 _c501685
_d501682